Aby kamzíky a svište neprehrali Prečo je nutná zmluva a jej dodržiavanie

Bibliographic Details
Main Author: Radúch, Jozef, 1945- (Author)
Format: Article
Language:Slovak
PhysicalDescription:Obr. 5
Subjects:

MARC

LEADER 00000nab a2200000 a 4500
001 vtls000478057
003 SK-MaSNL
005 20260303163914.0
008 120927c1992 xo 0 slo
015 |a SNBRB19rr/mm-uuuuu 
035 |a CL0478192 
040 |a SNKBUCL  |b slo  |c SNKBUCL  |e AACR2 
041 0 |a slo 
044 |a xo  |c SK 
080 |a 502.743:559.735.5:599.322:502.4  |2 1981 
080 |a 559.735.5  |2 1981 
080 |a 599.322  |2 1981 
080 |a 502.4  |2 1981 
100 1 |a Radúch, Jozef,  |d 1945-  |4 aut  |9 175595 
245 1 0 |a Aby kamzíky a svište neprehrali  |b Prečo je nutná zmluva a jej dodržiavanie  |c Jozef Radúch 
300 |b Obr. 5 
650 0 7 |a kamzík vrchovský tatranský  |2 snkbucl  |9 29397 
650 0 7 |a svišť vrchovský tatranský  |2 snkbucl  |9 82382 
651 7 |a Tatranský národný park (Slovensko)  |2 snkbucl  |9 106968 
655 7 |a články z novín a časopisov  |2 snkbucl  |9 267496 
773 0 |t Tatry  |g Roč. 31, č. 6 (1992), s. 24-27 
850 |a Slovenská národná knižnica v Martine  |a MTA001 
852 |a SNK  |b KIS3GCP 
958 |a RK 
992 |a RBX 
999 |c 2062079  |d 2064009